000 00285nam a2200097Ia 4500
008 220204s9999 xx 000 0 und d
082 _aNR:33ENQ(047)
_bRUB;1
245 0 _aReport of the mission of enquiry into the rubber industry of Malaya
260 _aMalaysia
_bRRIM
_c1954
942 _cBK
999 _c19317
_d19317